[Event "Bratislava Centenary Championship"]
[Site "Bratislava"]
[Date "2019.05.14"]
[Round "6.1"]
[White "Privara, Igor"]
[Black "Bochnicka, Vladimir"]
[Result "1/2-1/2"]
[WhiteElo "2177"]
[BlackElo "2108"]
[Annotator "TA"]
[PlyCount "127"]
[EventDate "2019.05.10"]
[EventType "tourn"]
[EventCountry "SVK"]
[SourceTitle "playchess.com"]
[Source "ChessBase"]
[SourceQuality "1"]

{[%evp 11,127,5,19,17,52,59,167,133,137,29,35,39,49,16,22,37,22,9,10,53,12,0,5,0,7,0,0,0,0,0,0,-2,0,0,0,0,0,0,0,0,0,0,0,0,0,-3,0,0,0,0,35,35,35,35,35,35,35,35,35,35,35,35,35,41,42,35,42,42,43,14,14,12,12,12,12,12,12,12,12,12,12,12,12,12,12,12,12,12,12,12,12,8,12,0,12,8,8,0,12,0,12,12,12,12,12,0,0,0,12,0,8,8,12,8,8,8,8,8]} 1. e4 c5 2. c3 d5 3. exd5 Qxd5 4. d4 g6 5. dxc5 Qxc5 6. Be3 Qc7 7. Na3 {[#] Hoping for Nb5. B22: Sicilian: 2 c3} Bd7 (7... Nc6 8. Nb5 Qb8 9. Nf3 Nf6 10. Nbd4 Bg7 11. Bb5 Bd7 12. Ba4 O-O 13. O-O e5 14. Nxc6 Bxc6 15. Bxc6 bxc6 {0-1 (60) Simacek,P (2485)-Gajewski,G (2634) Poland 2017}) 8. Nb5 Qa5 $146 (8... Bxb5 $1 $14 9. Bxb5+ Nc6) ({Predecessor:} 8... Bxb5 9. Bxb5+ Nc6 10. Nf3 a6 11. Bd3 Nf6 12. O-O Rd8 13. Qc2 Bg7 14. Rad1 O-O {0-1 (83) Delemarre,I (2220)-Moncayo Romero,E (2085) Zagan 1997}) 9. b4 {White is clearly better.} Qd8 10. Qd4 ({White should try} 10. Bf4 $16 Na6 11. Bc4) 10... Nf6 $11 11. Qe5 {[%csl Ge5][%cal Rb5d6] [#]} Bxb5 $1 12. Bxb5+ Nc6 13. Bxc6+ bxc6 14. Rd1 Qb8 15. Qxb8+ Rxb8 16. Nf3 Bg7 17. O-O O-O 18. Bxa7 Ra8 19. Bc5 Ne4 20. Bxe7 Rfe8 21. Rd7 Nxc3 22. Re1 Rxa2 23. g3 h6 24. Kg2 Nd5 25. Bc5 Rxe1 26. Nxe1 {next b5! is good for White.} Bc3 27. Nf3 {b5! is the strong threat.} Nxb4 28. Rc7 Ra6 29. Bxb4 Bxb4 {[%mdl 4096] Endgame KRB-KRN} 30. Ne5 c5 31. Nxf7 g5 32. Ne5 Ra2 33. Nd3 Ra3 34. Nxc5 Rc3 35. Na6 Rxc7 36. Nxc7 $14 {KB-KN} Kf7 37. Nd5 Bc5 38. Kf3 Ke6 39. Ne3 h5 40. h3 Ke5 {The position is equal.} 41. Nc4+ Kd5 42. Nb2 g4+ 43. hxg4 hxg4+ 44. Ke2 Ke4 45. Nd1 {And now Ne3 would win.} Kf5 $1 46. Kd3 Bb6 47. Ne3+ Kg5 48. Ke4 Bc5 49. Ke5 Bb6 50. Nd1 Ba5 51. Ke6 Be1 52. Ke5 Ba5 53. Ke4 Bb6 54. Kd3 Kf5 55. Ne3+ Kg5 56. Kc4 Ba7 57. Kd5 Bb6 58. Nd1 Kf5 59. Ne3+ Kg5 60. Ke6 Bc5 61. Nd1 Bb4 62. Nb2 Bc5 63. Nd3 Ba7 64. Ke5 {Accuracy: White = 65%, Black = 82%.} 1/2-1/2

[Event "Bratislava Centenary Championship"]
[Site "Bratislava"]
[Date "2019.05.14"]
[Round "6.3"]
[White "Franzen, Jozef"]
[Black "Kralovic, Andrej"]
[Result "1-0"]
[WhiteElo "2229"]
[BlackElo "2253"]
[Annotator "ChessBase"]
[PlyCount "97"]
[EventDate "2019.05.10"]
[EventType "tourn"]
[EventCountry "SVK"]
[SourceTitle "playchess.com"]
[Source "ChessBase"]
[SourceQuality "1"]
[TimeControl "40/5400+30:1800+30"]

1. e4 {[%emt 0:00:00]} e5 {[%emt 0:00:00]} 2. Nf3 {[%emt 0:00:00]} Nc6 {[%emt 0:00:12]} 3. Bb5 {[%emt 0:00:00]} Nf6 {[%emt 0:00:25]} 4. d3 {[%emt 0:00:07]} Bc5 {[%emt 0:00:40]} 5. c3 {[%emt 0:01:13]} O-O {[%emt 0:00:21]} 6. Be3 {[%emt 0:02:42]} Qe7 {[%emt 0:06:04]} 7. Qe2 {[%emt 0:03:04]} a6 {[%emt 0:07:43]} 8. Ba4 {[%emt 0:01:00]} b5 {[%emt 0:02:34]} 9. Bb3 {[%emt 0:00:24]} d6 {[%emt 0:05:55]} 10. Nbd2 {[%emt 0:00:28]} h6 {[%emt 0:04:31]} 11. a4 {[%emt 0:05:15]} Bxe3 {[%emt 0:04:24]} 12. fxe3 {[%emt 0:04:51]} Be6 {[%emt 0:01:28]} 13. O-O {[%emt 0:05:23]} d5 {[%emt 0:07:33]} 14. exd5 {[%emt 0:04:49]} Bxd5 {[%emt 0:00:31]} 15. Nh4 {[%emt 0:06:35]} Bxb3 {[%emt 0:05:02]} 16. Nxb3 {[%emt 0:00:03]} Qe6 {[%emt 0:08:06]} 17. Nc5 {[%emt 0:02:09]} Qg4 {[%emt 0:00:06]} 18. Qxg4 {[%emt 0:02:32]} Nxg4 {[%emt 0:00:10]} 19. Rf3 {[%emt 0:04:34]} b4 {[%emt 0:05:56]} 20. Raf1 {[%emt 0:05:11]} bxc3 {[%emt 0:01:41]} 21. bxc3 {[%emt 0:01:27]} Rad8 {[%emt 0:03:49]} 22. Rg3 {[%emt 0:05:22]} h5 {[%emt 0:01:36]} 23. h3 {[%emt 0:08:22]} Nh6 {[%emt 0:03:47]} 24. Nf5 {[%emt 0:04:56]} Nxf5 {[%emt 0:00:39]} 25. Rxf5 {[%emt 0:00:02]} h4 {[%emt 0:10:59]} 26. Rg4 {[%emt 0:00:22]} Rd6 {[%emt 0:00:17]} 27. Rxh4 {[%emt 0:02:37]} Rb8 {[%emt 0:03:04]} 28. Rfh5 {[%emt 0:02:18]} Rb1+ {[%emt 0:01:11]} 29. Kh2 {[%emt 0:00:22]} f6 {[%emt 0:00:24]} 30. Rh8+ {[%emt 0:00:36]} Kf7 {[%emt 0:00:08]} 31. Rc8 {[%emt 0:00:11]} Ne7 {[%emt 0:03:23]} 32. Rxc7 {[%emt 0:00:18]} Re1 {[%emt 0:00:33]} 33. Rb4 {[%emt 0:01:01]} Rc6 {[%emt 0:00:51]} 34. Rxc6 {[%emt 0:01:49]} Nxc6 {[%emt 0:00:14]} 35. Rb7+ {[%emt 0:00:03]} Kg6 {[%emt 0:00:47]} 36. e4 {[%emt 0:01:02]} Rc1 {[%emt 0:02:47]} 37. Ne6 {[%emt 0:02:00]} Rxc3 {[%emt 0:03:30]} 38. Rxg7+ {[%emt 0:00:20]} Kh6 {[%emt 0:00:13]} 39. Rc7 {[%emt 0:00:14]} Rc2 {[%emt 0:00:11]} 40. Kg3 {[%emt 0:05:37]} Nb4 {[%emt 0:03:07]} 41. Rxc2 {[%emt 0:30:50]} Nxc2 {[%emt 0:30:09]} 42. Nc5 {[%emt 0:00:42]} Nb4 {[%emt 0:00:30]} 43. Kg4 {[%emt 0:01:21]} Kg6 {[%emt 0:00:13]} 44. h4 {[%emt 0:00:14]} a5 {[%emt 0:00:22]} 45. h5+ {[%emt 0:02:45]} Kf7 {[%emt 0:00:26]} 46. Kf3 {[%emt 0:00:34]} Kg7 {[%emt 0:01:06]} 47. Ke2 {[%emt 0:01:32]} Nc6 {[%emt 0:00:26]} 48. Nb3 {[%emt 0:00:36]} Kh6 {[%emt 0:01:10]} 49. g4 {[%emt 0:00:06]} 1-0

[Event "Bratislava Centenary Championship"]
[Site "Bratislava"]
[Date "2019.05.14"]
[Round "6.4"]
[White "Kolman, Richard"]
[Black "Oprea, Erik"]
[Result "*"]
[WhiteElo "1995"]
[BlackElo "2127"]
[Annotator "TA"]
[PlyCount "61"]
[EventDate "2019.05.10"]
[EventType "tourn"]
[EventCountry "SVK"]
[SourceTitle "playchess.com"]
[Source "ChessBase"]
[SourceQuality "1"]

{[%evp 9,61,0,19,-39,6,16,18,10,50,43,48,56,42,37,54,51,48,41,50,28,47,44,48,27,32,20,27,0,0,-11,-8,-31,-7,-44,-37,-79,-28,-44,38,14,60,-18,0,-20,-38,-76,0,0,32,0,41,0,16,18]} 1. d4 Nf6 2. c4 b6 3. Nc3 Bb7 4. Qc2 e6 5. Nf3 c5 6. Bg5 {E12: Queen's Indian: Unusual White 4th moves, 4 a3, 4 Nc3 Bb7 5 a3 and 4 Nc3 Bb7} (6. e4 $11) (6. dxc5 Bxc5 7. Bg5 h6 8. Bh4 Nc6 9. e3 Rc8 10. Be2 Be7 11. O-O g5 12. Bg3 Nh5 13. Rad1 Nxg3 14. fxg3 {½-½ (25) Debashis,D (2504)-Vidit,S (2610) Sharjah 2014}) 6... h6 $146 (6... Bxf3 $5 7. gxf3 cxd4 $15) ({Predecessor:} 6... Bxf3 7. gxf3 cxd4 8. Ne4 Bb4+ 9. Kd1 Nc6 10. Rg1 Be7 11. Bxf6 gxf6 12. f4 f5 13. Nd2 Qc7 {0-1 (54) Kukic,L (1995)-Levar,N (2065) Croatia 2016}) 7. Bxf6 Qxf6 8. d5 g6 9. e4 e5 10. Bd3 d6 11. O-O Be7 12. Qa4+ Kf8 13. a3 Bc8 14. b4 Bd7 15. Qc2 Na6 16. b5 Nc7 17. a4 a5 18. bxa6 Nxa6 19. Nb5 Nb4 20. Qc3 g5 21. Nd2 h5 22. Be2 Kg7 (22... g4 $17) 23. f3 $11 Rag8 (23... Qg6 $15) 24. Rf2 $14 Kf8 25. Raf1 (25. a5 $14) 25... Rg7 26. Bd1 Qh6 27. Qe3 Qf6 ({Better is} 27... g4 $17 28. Qxh6 Rxh6 29. fxg4 hxg4) 28. Re1 Rh6 29. Nf1 Qf4 30. Bc2 Bd8 31. Bb1 {Accuracy: White = 29%, Black = 28%.} *

[Event "Bratislava Centenary Championship"]
[Site "Bratislava"]
[Date "2019.05.14"]
[Round "6.4"]
[White "Kolman, Richard"]
[Black "Oprea, Erik"]
[Result "0-1"]
[WhiteElo "1995"]
[BlackElo "2127"]
[Annotator "TA"]
[PlyCount "66"]
[EventDate "2019.05.10"]
[EventType "tourn"]
[EventCountry "SVK"]
[SourceTitle "playchess.com"]
[Source "ChessBase"]
[SourceQuality "1"]

{[%evp 9,110,0,18,-73,20,22,23,9,56,56,56,52,52,38,50,42,50,52,56,34,42,45,47,33,29,31,37,0,0,-12,-14,-19,-22,-50,-23,-48,-30,-34,-23,-91,-47,-83,-77,-56,-41,-141,-142,-196,-184,-265,-252,-267,-286,-293,-298,-452,-438,-507,-427,-485,-473,-435,-216,-192,-230,-435,-202,-368,-347,-328,-234,-225,-213,-295,-295,-300,-291,-286,-275,-497,-481,-495,-491,-475,-472,-444,-389,-401,-396,-375,-365,-362,-362,-362,-362,-362,-341,-360,-340,-335,-332,-1076,-1076]} 1. d4 Nf6 2. c4 b6 3. Nc3 Bb7 4. Qc2 e6 5. Nf3 c5 6. Bg5 {E12: Queen's Indian: Unusual White 4th moves, 4 a3, 4 Nc3 Bb7 5 a3 and 4 Nc3 Bb7} (6. e4 $11) (6. dxc5 Bxc5 7. Bg5 h6 8. Bh4 Nc6 9. e3 Rc8 10. Be2 Be7 11. O-O g5 12. Bg3 Nh5 13. Rad1 Nxg3 14. fxg3 {½-½ (25) Debashis,D (2504)-Vidit,S (2610) Sharjah 2014}) 6... h6 $146 (6... Bxf3 $1 $17 7. gxf3 cxd4) ({Predecessor:} 6... Bxf3 7. gxf3 cxd4 8. Ne4 Bb4+ 9. Kd1 Nc6 10. Rg1 Be7 11. Bxf6 gxf6 12. f4 f5 13. Nd2 Qc7 {0-1 (54) Kukic,L (1995)-Levar,N (2065) Croatia 2016}) 7. Bxf6 $11 Qxf6 8. d5 $1 {White has an edge.} g6 9. e4 e5 10. Bd3 d6 11. O-O Be7 12. Qa4+ Kf8 13. a3 Bc8 14. b4 Bd7 15. Qc2 Na6 16. b5 Nc7 17. a4 a5 18. bxa6 Nxa6 19. Nb5 Nb4 20. Qc3 h5 21. Nd2 Kg7 22. Nb3 Rhc8 23. Be2 Qf4 $36 {[%mdl 2048] White is under pressure.} 24. f3 (24. Nd2 $11 {keeps the balance.}) 24... Kh7 25. g3 Qh6 26. f4 exf4 27. Rxf4 ({White should try} 27. gxf4 $15 Rf8 28. Kh1) 27... Qg7 $17 28. Raf1 {[#]} (28. Rf3 $17) 28... Rf8 $1 $19 29. Qf3 (29. R4f2 {keeps fighting.}) 29... Kg8 30. h4 Rxa4 31. Qg2 Ra2 {[%cal Ba4a2,Ba2b2,Bb2b1][%mdl 32]} 32. R1f2 (32. R4f2 {was worth a try.}) 32... Rb2 33. Nc1 Bxb5 {Played: Rb2-b1} 0-1

[Event "Bratislava Centenary Championship"]
[Site "Bratislava"]
[Date "2019.05.14"]
[Round "6.5"]
[White "Kostolansky, Sebastian Lukas"]
[Black "Schwarz, Dusan"]
[Result "1-0"]
[WhiteElo "2323"]
[BlackElo "2326"]
[Annotator "TA"]
[PlyCount "69"]
[EventDate "2019.05.10"]
[EventType "tourn"]
[EventCountry "SVK"]
[SourceTitle "playchess.com"]
[Source "ChessBase"]
[SourceQuality "1"]

{[%evp 10,69,60,50,51,55,60,22,66,35,42,31,39,19,42,29,64,53,66,67,91,79,72,52,68,58,51,50,75,74,59,67,87,76,54,79,54,75,112,112,96,95,146,131,148,150,154,145,185,185,188,180,176,178,175,186,181,179,29981,29982,29981,29982]} 1. e4 c5 2. Nf3 Nf6 3. e5 Nd5 4. Nc3 Nxc3 5. dxc3 Nc6 6. Bf4 Qc7 {B29: Sicilian: 2 Nf3 Nf6 (Nimzowitsch Variation)} (6... e6 7. Qd2 h6 8. h4 a6 9. h5 b5 10. a4 b4 11. Bd3 Bb7 12. Be4 Qc7 13. O-O bxc3 14. bxc3 Ne7 15. Bxb7 Qxb7 {1-0 (77) Carlsen,M (2835)-Popov,I (2592) St Petersburg 2018}) 7. Qd2 e6 8. O-O-O b6 {The position is equal.} 9. Bd3 Bb7 10. Rhe1 h6 11. Bg3 $146 ({Predecessor:} 11. h4) 11... O-O-O 12. Be4 g5 13. Qe2 Be7 14. h4 Na5 15. hxg5 (15. Bxb7+ {with more complications.} Kxb7 16. hxg5 hxg5 17. b3 Kc8 18. Kb1) 15... hxg5 16. Nd2 d5 17. exd6 $1 Bxd6 18. Bxd6 Qxd6 19. g3 Qe7 20. Bxb7+ Nxb7 21. Nc4 Rxd1+ 22. Rxd1 Rd8 23. Rh1 Nd6 24. Ne5 Qb7 25. Rh7 Rf8 {[#]} (25... Qe4 $142 26. Qxe4 Nxe4) 26. f3 $1 $16 Qd5 27. b3 c4 28. Kb2 ({Don't take} 28. Nxc4 Nxc4 29. Qxc4+ (29. bxc4 Qd6 $14) 29... Qxc4 $14) 28... Kb7 29. Rg7 ({Don't play} 29. Nxc4 $6 Nxc4+ 30. bxc4 (30. Qxc4 Qxc4 31. bxc4 g4 $14) 30... Qf5 $16) 29... cxb3 30. axb3 Nf5 31. Rxf7+ Rxf7 32. Nxf7 Nxg3 {[#]} 33. Qxe6 $1 {[%mdl 512]} Qxf3 $2 (33... Qxe6 $18 34. Nd8+ {[%mdl 64] Double Attack} Kc7 35. Nxe6+ Kd6 36. Nxg5 Ne2) 34. Nd6+ Kc7 35. Qe7+ {[%mdl 64] Double Attack. Accuracy: White = 75%, Black = 53%.} 1-0

[Event "Bratislava Centenary Championship"]
[Site "Bratislava"]
[Date "2019.05.15"]
[Round "7.1"]
[White "Schwarz, Dusan"]
[Black "Privara, Igor"]
[Result "1/2-1/2"]
[WhiteElo "2326"]
[BlackElo "2177"]
[Annotator "TA"]
[PlyCount "86"]
[EventDate "2019.05.10"]
[EventType "tourn"]
[EventCountry "SVK"]
[SourceTitle "playchess.com"]
[Source "ChessBase"]
[SourceQuality "1"]

{[%evp 23,86,34,34,38,35,6,62,47,60,54,58,27,38,34,41,9,21,8,20,0,0,0,0,0,0,0,0,-16,-18,-27,-13,-21,8,7,5,0,2,6,6,8,9,9,8,15,6,0,0,-61,0,0,0,0,0,0,0,0,0,0,0,0,0,0,0,0,0]} 1. d4 d5 2. c4 e6 3. Nc3 c5 4. cxd5 exd5 5. Nf3 Nc6 6. g3 Nf6 7. Bg2 Be7 8. O-O O-O 9. Bg5 c4 10. Ne5 Be6 11. e3 h6 12. Bxf6 Bxf6 13. f4 {D34: Tarrasch Defence: 6 g3 Nf6 7 Bg2 Be7} Ne7 (13... Bxe5 14. dxe5 Qb6 15. f5 Qxe3+ 16. Kh1 Bc8 17. Nxd5 Qxe5 18. Qd2 Rd8 19. Rae1 Qd4 20. Qxd4 Nxd4 {½-½ (54) Yuffa,D (2572)-Mamedov,R (2703) St Petersburg 2018}) 14. g4 Bxe5 ({Better is} 14... b5 $11) 15. dxe5 $14 {White is slightly better.} Qb6 16. Qe2 f5 17. gxf5 $146 (17. exf6 $5 Rxf6 18. f5 $14) ({Predecessor:} 17. exf6 Rxf6 18. Rad1 Rd8 19. Kh1 Bf7 20. Rd2 Rfd6 {0-1 (40) Lacroix,B (2125)-Vandevoort,P (2378) Charleroi 2004}) 17... Rxf5 18. Kh1 Rd8 19. e4 dxe4 20. Bxe4 Rff8 21. Qg2 Bf5 22. Rg1 {[%csl Gg1][%cal Rg2g7] [#]} Bxe4 23. Nxe4 {[%csl Gg1][%cal Rg2g7]} Nf5 24. Nd6 Qc6 25. Nxb7 Qxg2+ 26. Rxg2 Rd4 27. Nc5 {aiming for Ne6.} Nh4 28. Rxg7+ {[%mdl 64] [#] Decoy} Kxg7 29. Ne6+ {[%mdl 64] Double Attack} Kh8 30. Nxd4 {Strongly threatening Rf1.} Rxf4 $11 {[%mdl 4096] Endgame KRN-KRN} 31. Rd1 Re4 32. e6 Kg7 33. h3 Kf6 34. b3 c3 35. b4 ({White should try} 35. Rf1+ $11 Kg5 36. Nb5) 35... Ke5 (35... Ng6 $15) 36. e7 {The position is equal.} Kf4 37. Rd3 c2 38. Nxc2 {Rd4 is the strong threat.} Rxe7 39. Kg1 Re2 40. Rc3 Rd2 {Hoping for ...Nf3+.} 41. Kf1 Nf3 {And now ...Kg3 would win.} 42. Ne1 Nxe1 43. Kxe1 Rxa2 {Accuracy: White = 57%, Black = 72%.} 1/2-1/2

[Event "Bratislava Centenary Championship"]
[Site "Bratislava"]
[Date "2019.05.15"]
[Round "7.2"]
[White "Oprea, Erik"]
[Black "Kostolansky, Sebastian Lukas"]
[Result "0-1"]
[WhiteElo "2127"]
[BlackElo "2323"]
[Annotator "ChessBase"]
[PlyCount "68"]
[EventDate "2019.05.10"]
[EventType "tourn"]
[EventCountry "SVK"]
[SourceTitle "playchess.com"]
[Source "ChessBase"]
[SourceQuality "1"]
[TimeControl "40/5400+30:1800+30"]

1. c4 {[%emt 0:01:01]} e5 {[%emt 0:00:00]} 2. Nc3 {[%emt 0:00:06]} Nf6 {[%emt 0:00:02]} 3. e3 {[%emt 0:00:24]} Bb4 {[%emt 0:03:35]} 4. Qc2 {[%emt 0:01:28]} O-O {[%emt 0:01:03]} 5. a3 {[%emt 0:00:06]} Bxc3 {[%emt 0:01:24]} 6. dxc3 {[%emt 0:00:22]} Nc6 {[%emt 0:03:16]} 7. e4 {[%emt 0:00:07]} d6 {[%emt 0:02:18]} 8. f3 {[%emt 0:00:11]} a5 {[%emt 0:03:32]} 9. a4 {[%emt 0:00:22]} Be6 {[%emt 0:03:38]} 10. Be3 {[%emt 0:00:11]} Ne7 {[%emt 0:13:46]} 11. Bd3 {[%emt 0:03:48]} c6 {[%emt 0:03:42]} 12. g4 {[%emt 0:01:36]} Qc7 {[%emt 0:08:25]} 13. Bg5 {[%emt 0:09:23]} Ne8 {[%emt 0:01:17]} 14. Ne2 {[%emt 0:00:48]} h6 {[%emt 0:00:48]} 15. Be3 {[%emt 0:02:42]} d5 {[%emt 0:02:43]} 16. cxd5 {[%emt 0:01:27]} cxd5 {[%emt 0:00:06]} 17. Ng3 {[%emt 0:02:36]} dxe4 {[%emt 0:11:45]} 18. Bxe4 {[%emt 0:06:01]} Nd6 {[%emt 0:04:38]} 19. Rg1 {[%emt 0:34:48]} Nc4 {[%emt 0:05:09]} 20. Bc1 {[%emt 0:03:39]} Rad8 {[%emt 0:02:11]} 21. b3 {[%emt 0:05:11]} Qb6 {[%emt 0:03:11]} 22. Kf1 {[%emt 0:05:40]} Nd6 {[%emt 0:05:59]} 23. c4 {[%emt 0:04:08]} Nxe4 {[%emt 0:01:49]} 24. Nxe4 {[%emt 0:00:18]} f5 {[%emt 0:02:37]} 25. gxf5 {[%emt 0:04:10]} Nxf5 {[%emt 0:00:41]} 26. Kg2 {[%emt 0:05:14]} Nh4+ {[%emt 0:11:55]} 27. Kh1 {[%emt 0:00:05]} Nxf3 {[%emt 0:01:32]} 28. Bxh6 {[%emt 0:00:36]} Nxg1 {[%emt 0:01:05]} 29. Rxg1 {[%emt 0:00:36]} Bg4 {[%emt 0:00:38]} 30. Rxg4 {[%emt 0:03:54]} Rf1+ {[%emt 0:00:14]} 31. Kg2 {[%emt 0:00:10]} Rg1+ {[%emt 0:00:09]} 32. Kf3 {[%emt 0:01:02]} Rf8+ {[%emt 0:00:12]} 33. Bf4 {[%emt 0:00:39]} Rxg4 {[%emt 0:00:05]} 34. c5 {[%emt 0:01:28]} Rfxf4+ {[%emt 0:00:09]} 0-1

[Event "Bratislava Centenary Championship"]
[Site "Bratislava"]
[Date "2019.05.15"]
[Round "7.3"]
[White "Kralovic, Andrej"]
[Black "Kolman, Richard"]
[Result "1-0"]
[WhiteElo "2253"]
[BlackElo "1995"]
[Annotator "NA RC"]
[PlyCount "43"]
[EventDate "2019.05.10"]
[EventType "tourn"]
[EventCountry "SVK"]
[SourceTitle "playchess.com"]
[Source "ChessBase"]
[SourceQuality "1"]
[TimeControl "40/5400+30:1800+30"]

{[%evp 8,39,4,8,32767,9,11,2,32767,32767,32767,32767,32767,32767,32767,32767,32767,32767,32767,32767,32767,16,13,30,38,32767,41,10,13,32767,32767,0,57,52]} 1. e4 {[%emt 0:00:00]} c5 {[%emt 0:00:00]} 2. b3 {[%emt 0:00:04]} Nc6 {[%emt 0:01:29]} 3. Bb2 {[%emt 0:00:14]} e5 {[%emt 0:02:12]} 4. Bb5 {[%emt 0:01:57]} Nd4 {[%emt 0:05:29]} 5. Bc4 {[%emt 0:00:34]} Nf6 {[%emt 0:00:26]} 6. Nc3 {[%emt 0:01:14] B20: Sicilian: Unusual White 2nd moves} Be7 {[%emt 0:06:12]} (6... d6 7. Nge2 Be7 8. O-O O-O 9. Ng3 Rb8 10. a4 a6 11. Nd5 Be6 12. a5 Nxd5 13. exd5 {0-1 (45) Reefat,B (2449)-Ismagambetov,A (2519) Al Ain 2014}) 7. Nge2 {[%emt 0:01:23]} O-O {[%emt 0:01:07]} 8. d3 {[%emt 0:02:06]} a6 {[%emt 0:03:32]} 9. a4 $146 {[%emt 0:00:52]} ({Predecessor:} 9. Nd5 d6 10. O-O Bg4 11. f3 Be6 12. Nxe7+ Qxe7 {½-½ (34) Skorna,U (2122)-Schwarzmeier,J (2230) GER email 2007}) 9... b6 {[%emt 0:01:38]} 10. Nd5 {[%emt 0:07:40]} Bb7 {[%emt 0:01:32]} 11. Nec3 {[%emt 0:04:02]} d6 {[%emt 0:18:09]} 12. O-O {[%emt 0:01:29]} Nd7 {[%emt 0:02:32]} 13. f4 {[%emt 0:06:11]} exf4 {[%emt 0:01:00]} 14. Nxe7+ {[%emt 0:06:49]} Qxe7 {[%emt 0:00:08]} 15. Nd5 {[%emt 0:00:12]} Qe5 {[%emt 0:08:48]} 16. Nxf4 {[%emt 0:04:42]} Nf6 {[%emt 0:04:56]} 17. Qd2 {[%emt 0:13:02]} Nf3+ {[%emt 0:13:38]} 18. Rxf3 {[%emt 0:03:14]} Qxb2 {[%emt 0:00:04]} 19. Raf1 {[%emt 0:00:15]} d5 {[%emt 0:09:00]} (19... Bc6 $11) 20. exd5 $14 {[%emt 0:02:13]} Nxd5 {[%emt 0:07:05]} 21. Bxd5 {[%emt 0:02:11]} Qd4+ {[%emt 0:01:32]} 22. Qf2 {[%emt 0:00:40]} 1-0

[Event "Bratislava Centenary Championship"]
[Site "Bratislava"]
[Date "2019.05.15"]
[Round "7.4"]
[White "Pacher, Milan"]
[Black "Franzen, Jozef"]
[Result "1-0"]
[WhiteElo "2396"]
[BlackElo "2229"]
[Annotator "TA"]
[PlyCount "43"]
[EventDate "2019.05.10"]
[EventType "tourn"]
[EventCountry "SVK"]
[SourceTitle "playchess.com"]
[Source "ChessBase"]
[SourceQuality "1"]

{[%evp 17,99,32,49,38,61,56,68,22,46,58,40,16,32,20,22,0,31,10,9,9,6,9,92,96,93,70,70,34,70,70,75,70,82,14,14,10,17,12,31,33,382,382,382,382,382,382,356,345,373,339,418,370,419,419,1721,1216,1741,1763,1212,1612,1704,1675,1605,691,5454,2926,2164,3011,29971,29972,29972,29964,29969,29972,29971,29970,29973,29973,29978,29979,29979,29979,29983,29982]} 1. d4 Nf6 2. c4 e6 3. Nf3 Bb4+ 4. Nc3 c5 5. g3 b6 6. Bg2 Bb7 7. O-O Bxc3 8. bxc3 O-O 9. dxc5 bxc5 10. Bf4 {E21: Nimzo-Indian: 4 Nf3} Qc8 (10... Nc6 11. Bd6 Re8 12. Rb1 Na5 13. Ne5 Bxg2 14. Kxg2 Qc8 15. Qd3 Qa6 16. Bc7 Nc6 17. Rfd1 Rac8 {1-0 (38) Grischuk,A (2736)-Jobava,B (2696) Khanty-Mansiysk 2009}) 11. Bd6 $146 ({Predecessor:} 11. Rb1 Be4 12. Rb5 a6 13. Ra5 d5 14. Qa4 Nbd7 15. cxd5 Nb6 16. Qb3 Nbxd5 17. Bg5 c4 {1-0 (59) Barsov,A (2465)-Mancini,M (2320) Le Touquet 1998}) 11... Re8 12. Rb1 {White is slightly better.} Be4 13. Rb5 Qa6 14. Bxc5 d5 15. Rb4 Nbd7 16. Ra4 Qb7 17. Be3 (17. Bd4 {is more complex.} e5 18. Be3 Nb6 19. Bxb6 axb6 20. cxd5 Rxa4 21. Qxa4 b5 22. Qb3) 17... Nb6 18. Bxb6 axb6 19. cxd5 Nxd5 (19... Qxd5 $11 20. Qxd5 Bxd5) 20. Rxe4 $16 Nxc3 {[%mdl 64] [#] Double Attack} 21. Qd3 Nxe4 22. Nd2 {Played: Nf3-g5} 1-0

[Event "Bratislava Centenary Championship"]
[Site "Bratislava"]
[Date "2019.05.16"]
[Round "8.2"]
[White "Franzen, Jozef"]
[Black "Bochnicka, Vladimir"]
[Result "1-0"]
[WhiteElo "2229"]
[BlackElo "2108"]
[Annotator "TA"]
[PlyCount "55"]
[EventDate "2019.05.10"]
[EventType "tourn"]
[EventCountry "SVK"]
[SourceTitle "playchess.com"]
[Source "ChessBase"]
[SourceQuality "1"]

{[%evp 11,67,33,38,14,37,27,37,27,20,10,13,18,54,64,54,64,48,26,49,56,48,52,55,41,137,119,136,135,147,147,520,499,517,513,522,418,508,516,865,914,868,858,1778,1001,999,995,986,988,935,898,890,876,2125,2189,1975,1901,29978,1599]} 1. e4 e5 2. Nf3 Nf6 3. Nxe5 d6 4. Nf3 Nxe4 5. Nc3 Nf6 6. d4 Be7 7. Bg5 {C42: Petroff Defence: 3 Nxe5 and unusual White 3rd moves} (7. Bd3 O-O 8. O-O Nc6 9. d5 Nb4 10. Be2 c6 11. dxc6 bxc6 12. a3 Nbd5 13. Nxd5 Nxd5 14. Nd4 Bd7 15. Bf3 Rc8 16. Bxd5 cxd5 {1-0 (47) Caruana,F (2828)-Lenderman,A (2637) Saint Louis 2019}) 7... Nbd7 8. Bd3 O-O 9. Qd2 {White is slightly better.} Re8 10. O-O-O c6 11. h4 b5 12. Rde1 $146 ({Predecessor:} 12. Kb1 Nf8 13. Ne2 Qb6 14. Nf4 Bg4 {0-1 (35) Elisha,T (2024)-Olape,B (2252) Batumi 2018}) 12... Nb6 13. Bxf6 Bxf6 14. Rxe8+ Qxe8 15. Qf4 d5 16. Re1 {[%cal Re1e8]} Qd8 17. g4 $40 {[%mdl 128] Strongly threatening g5. White mounts an attack.} Bd7 ({Black should try} 17... Be6 $14) 18. g5 $16 Be7 {[#]} 19. h5 $1 ({Resist} 19. Ne5 Qe8 $14) 19... Be6 {[#]} 20. g6 $1 {[%cal Rg6h7]} h6 $2 {[%mdl 8192]} (20... hxg6 $16 {is a better chance.} 21. hxg6 Bd6 22. gxf7+ Bxf7) 21. gxf7+ $18 {[%mdl 64] Overworked Piece} Bxf7 22. Qf5 {Hoping for Ne5!} Nc4 23. Qh7+ Kf8 24. Bxc4 bxc4 (24... Bg5+ $142 25. Kb1 Bg8 26. Qf5+ Qf6) 25. Ne5 Bg5+ 26. Kb1 {White threatens Ng6+ and mate.} Qe8 27. Qh8+ Bg8 28. Na4 {Played: Ne5-g6} 1-0